000
00306nam a22001457a 4500
008
210514b ||||| |||| 00| 0 eng d
020
_a
9781308762555
041
_a
eng
080
_2
12th
_a
615.83
082
_a
615.83
100
_a
8
101
_a
EGZ
245
_a
Fit & Well
_c
Fahey
942
_2
udc
_c
BK
999
_c
57361
_d
57361